000 00690nam a2200241Ia 4500
003 GCL
008 140319s9999 xx 000 0 ara d
040 _aGCL /
_cGCL
082 0 4 _a614.7
_bن ق
100 1 _aنورى طاهر الطيب
245 1 0 _aقياس التلوث البيئى /
_cنورى طاهر الطيب
700 1 _aبشير محمود جرار
260 _a[S.N] :
_bدار المريخ للنشر ،
_c1988
300 _a183 ص
490 _a
650 0 4 _aتلوث البيئة
650 0 4 _aالتلوث
650 0 4 _aالمياه
650 0 4 _aالهواء
650 0 4 _aالاغذية
650 0 4 _aالمياه الاقليمية
942 _2ddc
_cBK
999 _c30740
_d30740